Score 0/11 Timer 01:00
0 Plays Today
Clue 4-Letter Word % Correct
Owl soundHOOT
95.9%
Person who holds an eventHOST
93.2%
Metal that oxidizes easily, FeIRON
90.8%
ShovePUSH
90.8%
Horse movementTROT
90.2%
Horn soundTOOT
89.8%
Letters and parcelsPOST
88%
Result of Fe oxidizingRUST
84.4%
High-classPOSH
84.2%
1982 Sci-fi movieTRON
83.5%
'2112' and 'Tom Sawyer' artistsRUSH
77.1%

Today's Daily Dose

Remove Ads.
Support Sporcle.
Get the best of Sporcle when you Go Orange. This ad-free experience offers more features, more stats, and more fun while also helping to support Sporcle. Thank you for becoming a member.

You're not logged in!

Compare scores with friends on all Sporcle quizzes.
OR
Log In

Show Comments

Extras

Top Quizzes Today


Score Distribution

Your Account Isn't Verified!

In order to create a playlist on Sporcle, you need to verify the email address you used during registration. Go to your Sporcle Settings to finish the process.

Report this User

Report this user for behavior that violates our Community Guidelines.

Details: